000 00436nam a2200193Ia 4500
001 17354
003 GE_BSU
008 181216s||||||||xx |||||||||||||| ||und||
020 _a9781405815642
040 _cGE_BSU
080 _a811.111
100 _aAcklam,Richard. Aramiota,Crace
245 _aTotal English. Students book (CD)
260 _c2009
300 _a176p.
541 _h7ლ.
653 _aTotal English.
942 _cBK
999 _c50410
_d50410